000 01490namaa2200313 i 4500
003 EG-GICUC
005 20260518141624.0
008 260518s1964 ua |||jr|||| 001 0 ara d
040 _aEG-GiCUC
_bara
_cEG-GiCUC
_dEG-GiCUC
_erda
082 0 4 _221
_a811.5
_bM9922shu
092 0 4 _221
_a811.5
_bM9922shu
099 _a811.5 M9922shu
100 1 _aشعيب، محمد عبد الرحمن
_eمؤلف.
245 1 2 _aالمتنبى بين ناقديه (فى القديم والحديث)/
_cتأليف الدكتور محمد عبد الرحمن شعيب.
264 _aالقاهرة (مصر) :
_bدار المعارف،
_c1964.
300 _a437 صفحة
_b؛
_c24 سم
336 _2rdacontent
_atext
337 _2rdamedia
_aUnmediated
338 _2rdacarrier
_avolume
490 _aمكتبة الدراسات الأدبية ؛
_v35
504 _aيشتمل على ارجاعات ببليوجرافية وفهارس.
541 _aد. جابر عصفور ؛
_bالقاهرة ؛
_cإهداء ؛
_d2024.
600 1 0 _aالمتنبى، ابو الطيب احمد بن الحسين،
_qأبو الطيب أحمد بن الحسين بن الحسن عبد الصمد الكندي الكوفي،
_d915 965- 916او
_93502
650 1 7 _aالشعر العربى
_xتاريخ ونقد
_yالعصر العباسى الثانى
_2qrmak
650 1 7 _aالشعر العربى
_xتاريخ
_yالعصر العباسى الثانى
_2qrmak
651 1 _2qrmak
905 _aAya
942 _2ddc
_cBK
_e21
_n0
999 _c180213
_d180213